000 00482cam a22001697a 4500
008 180718b2013 xxu||||| |||| 00| 0 eng d
020 _a0198081669
082 _aC41x54 D26i
100 _aDas, S.K.
245 _aIndia's rights revolution : has it worked for the poor
_cby S.K.Das
260 _aNew Delhi
_bOxford
_c2013
300 _a330p.
650 _aIndia -- Social policy
650 _aSocial justice -- India
650 _aPoor -- India
650 _aCivil rights -- India
999 _c443742
_d443742